000 00649nam a22002057a 4500
005 20251108165005.0
008 250721s1994 xx 000 0 ara d
082 1 4 _a216.1/عز
100 1 _aعبد السلام، العز
245 1 0 _aالقواعد الصغرى :
_bالفوائد في مختصر القواعد /
250 _aط2
264 1 _aالقاهره :
_bمكتبة السنه،
_c1994.
300 _a128ص
650 1 7 _aالإسلام
650 1 7 _aالفقه الإسلامي
700 1 _aعبد الموجود، عادل أحمد
_eتحقيق
700 1 _aمعوض، علي محمد
942 _2ddc
_cBK
999 _c19255
_d19255